বাংলাদেশ লাঞ্ছিতা / (Record no. 44509)
[ view plain ]
| 000 -LEADER | |
|---|---|
| fixed length control field | 01460nam a2200313 a 4500 |
| 001 - CONTROL NUMBER | |
| control field | 44509 |
| 003 - CONTROL NUMBER IDENTIFIER | |
| rucl marc code | BD-RjUL |
| 005 - DATE AND TIME OF LATEST TRANSACTION | |
| control field | 20211209053854.0 |
| 008 - FIXED-LENGTH DATA ELEMENTS--GENERAL INFORMATION | |
| fixed length control field | 160718s1973 bg ||||| |||| 00| 0 ben d |
| 020 ## - INTERNATIONAL STANDARD BOOK NUMBER | |
| Terms of availability | : Tk.10.00 |
| 035 ## - SYSTEM CONTROL NUMBER | |
| System control number | (BD-RjUL)44627 |
| 040 ## - CATALOGING SOURCE | |
| Original cataloging agency | BD-RjUL |
| Language of cataloging | ben |
| Transcribing agency | BD-RjUL |
| Modifying agency | BD-RjUL |
| 041 ## - LANGUAGE CODE | |
| Language code of text/sound track or separate title | ben |
| 082 ## - DEWEY DECIMAL CLASSIFICATION NUMBER | |
| Edition number | 23 |
| Classification number | 954.9205 |
| Author mark and year | MAB 1973 |
| 100 1# - MAIN ENTRY--PERSONAL NAME | |
| Personal name | ম্যাসকারেন্হাস, অ্যান্থনী |
| 9 (RLIN) | 136600 |
| 245 10 - TITLE STATEMENT | |
| Title | বাংলাদেশ লাঞ্ছিতা / |
| Statement of responsibility, etc. | অ্যান্থনী ম্যাসকারেন্হাস ; মযহারুল ইসলাম অনূদিত |
| 260 ## - PUBLICATION, DISTRIBUTION, ETC. (IMPRINT) | |
| Place of publication, distribution, etc. | ঢাকা : |
| Name of publisher, distributor, etc. | বাংলা একাডেমী, |
| Date of publication, distribution, etc. | ১৯৭৩ |
| 300 ## - PHYSICAL DESCRIPTION | |
| Pagination | [১০], ২০৮ পৃ. : |
| Illustrations | চিত্র ; |
| Size | ২৩ সেমি. |
| 490 ## - SERIES STATEMENT | |
| Series statement | বা. এ. ; |
| Volume/sequential designation | ৪৩১ |
| 500 ## - GENERAL NOTE | |
| General note | "প্রথম ইংরেজী সংস্করণ ১৯৭১" |
| General note | নির্ঘন্ট সংযুক্ত |
| 650 ## - SUBJECT ADDED ENTRY--TOPICAL TERM | |
| Topical term or geographic name as entry element | গণহত্যা |
| Geographic subdivision | বাংলাদেশ |
| Chronological subdivision | ১৯৭১ |
| 9 (RLIN) | 244985 |
| Topical term or geographic name as entry element | Genocide |
| Geographic subdivision | Bangladesh |
| Chronological subdivision | 1971 |
| 9 (RLIN) | 247284 |
| 651 ## - SUBJECT ADDED ENTRY--GEOGRAPHIC NAME | |
| Geographic name | বাংলাদেশ |
| Form subdivision | রাজনীতি ও সরকার |
| 9 (RLIN) | 136601 |
| Geographic name | Bangladesh |
| Form subdivision | Politics and government. |
| 9 (RLIN) | 136602 |
| 700 ## - ADDED ENTRY--PERSONAL NAME | |
| Personal name | ইসলাম, মযহারুল, অনুবাদক |
| 830 ## - SERIES ADDED ENTRY--UNIFORM TITLE | |
| Uniform title | বা. এ. ; |
| Volume number/sequential designation | ৪৩১ |
| 942 ## - ADDED ENTRY ELEMENTS (KOHA) | |
| Source of classification or shelving scheme | Dewey Decimal Classification |
| Koha item type | Books |
| Lost status | Source of classification or shelving scheme | Damaged status | Not for loan | Collection code | Permanent Location | Current Location | Shelving location | Date acquired | Source of acquisition | Cost, normal purchase price | Total Checkouts | Full call number | Date last seen | Copy number | Koha item type |
|---|---|---|---|---|---|---|---|---|---|---|---|---|---|---|---|
| Dewey Decimal Classification | Non-fiction | Central Library, University of Rajshahi | Central Library, University of Rajshahi | 13/01/1975 | Bangla Academy, Dhaka. | 10.00 | B 954.9205 MAB 1973 | 18/07/2016 | C-2 | Books | |||||
| Dewey Decimal Classification | Not For Loan | Non-fiction | Central Library, University of Rajshahi | Central Library, University of Rajshahi | Reading Room | 13/01/1975 | Dacca, Bangla Academy | 10.00 | B 954.9205 MAB 1973 | 31/08/2021 | C-1 | Books | |||
| Dewey Decimal Classification | Non-fiction | Central Library, University of Rajshahi | Central Library, University of Rajshahi | 13/01/1975 | Dacca, Bangla Academy | 10.00 | B 954.9205 MAB 1973 | 31/08/2021 | C-3 | Books | |||||
| Dewey Decimal Classification | Non-fiction | Central Library, University of Rajshahi | Central Library, University of Rajshahi | 13/01/1975 | Dacca, Bangla Academy | 10.00 | B 954.9205 MAB 1973 | 31/08/2021 | C-4 | Books | |||||
| Dewey Decimal Classification | Non-fiction | Central Library, University of Rajshahi | Central Library, University of Rajshahi | 13/01/1975 | Dacca, Bangla Academy | 10.00 | B 954.9205 MAB 1973 | 31/08/2021 | C-5 | Books | |||||
| Dewey Decimal Classification | Non-fiction | Central Library, University of Rajshahi | Central Library, University of Rajshahi | 13/01/1975 | Dacca, Bangla Academy | 10.00 | B 954.9205 MAB 1973 | 31/08/2021 | C-6 | Books | |||||
| Dewey Decimal Classification | Non-fiction | Central Library, University of Rajshahi | Central Library, University of Rajshahi | 13/01/1975 | Dacca, Bangla Academy | 10.00 | B 954.9205 MAB 1973 | 31/08/2021 | C-7 | Books | |||||
| Dewey Decimal Classification | Non-fiction | Central Library, University of Rajshahi | Central Library, University of Rajshahi | 14/06/1975 | Dacca, Bangla Academy | 10.00 | B 954.9205 MAB 1973 | 31/08/2021 | C-8 | Books | |||||
| Dewey Decimal Classification | Non-fiction | Central Library, University of Rajshahi | Central Library, University of Rajshahi | 14/06/1975 | Dacca, Bangla Academy | 10.00 | B 954.9205 MAB 1973 | 31/08/2021 | C-9 | Books | |||||
| Dewey Decimal Classification | Non-fiction | Central Library, University of Rajshahi | Central Library, University of Rajshahi | 30/11/1974 | Dacca, Nawroze Kitabistan | 10.00 | B 954.9205 MAB 1973 | 02/09/2021 | C-10 | Books |